| 000 | 00478nam a2200169Ia 4500 | ||
|---|---|---|---|
| 008 | 240729s9999 xx 000 0 und d | ||
| 022 | _a2297-900X | ||
| 245 | 0 | _aFrontiers in Communication | |
| 260 | _aSwitzerland | ||
| 260 | _bFrontiers Media S.A. | ||
| 650 | _a Communication. Mass media | ||
| 650 | _a Philology. Linguistics | ||
| 650 | _aLanguage and Literature | ||
| 856 | _uhttps://doaj.org/toc/9b0bce5d82e84bb09ce3e66b47158a8e | ||
| 942 | _2ddc | ||
| 942 | _cDOAJEJ | ||
| 999 |
_c67319 _d67319 |
||
| 945 |
_a1 _bMadushi Gamage _c1 _dMadushi Gamage |
||